00224nam a2200097Ia 4500008004100000100001400041245002500055260003000080300000800110650000800118191201s2007 xx 000 0 und d aJAIN, T R 0aManagerial Economics aN. DelhibV. K. Pubc2007 a747 aMBA